00423nam a2200157Ia 4500008004100000020001800041041000800059082001600067100001700083245005000100250001200150260002700162300002700189365001600216700003300232230718s9999 xx 000 0 und d a9788131503140 aeng a005.73bGIL aGilberg R.F. aData StructuresbA Pseudocode Approach With C a2nd ed. c2019bCengage Learning a720dRef 20 IT (33013) cRs.b650.00 aGilberg R.F. & Forouzan B.A.